Pastoral juvenil desde la confirmación /

Guardado en:
Detalles Bibliográficos
Autor principal: Delicado Baeza, José (autor)
Formato: Libro
Idioma:Español
Publicado: Santander, España : Sal Terrae, 1987, c1987
Temas:
Etiquetas: Agrega una etiqueta
Sin etiquetas, Sé el primero en etiquetar este registro!

MARC

LEADER 00000nam^a2200000^a^4500
001 000329328
005 20250521000000.0
009 20260310113933.771
020 |a 84-293-0787-7 
037 |a Acervo Xavier Clavigero 
041 |a ESP 
082 |a 234. 162  |b DEL 
100 |a Delicado Baeza, José  |e (autor) 
245 1 0 |a Pastoral juvenil desde la confirmación /  |c J. Delicado Baeza. 
264 4 |a Santander, España :  |b Sal Terrae,  |c 1987, c1987 
300 |a 176 p. 
336 |a texto  |b txt  |2 rdacontenido 
337 |a sin mediación  |b n  |2 rdamedio 
338 |a volumen  |b nc  |2 rdasoporte 
649 |a XX 
650 |a Jóvenes -  |x Condiciones Sociales y Culturales 
650 |a Confirmación -  |x Tema Principal 
650 |a Sacramentos 
650 |a Evangelización 
650 |a Teología Pastoral 
650 |a Catolicismo 
650 |a Cristianismo 
650 |a Religión 
910 |a Fondo General 
920 |a Impresos - Libros 
930 |a Colección General 
905 |a 101 
901 |a 0500218617  |b IT1  |c ACC  |u 20250521 
902 |a https://opac.biblio.iteso.mx/vufind/Record/000329328